000
00298nam a2200109Ia 4500
008
220204s9999 xx 000 0 und d
082
_a
519.254
_b
MIN
100
_a
Minieka, Edward
245
0
_a
Optimization algorithms for networks and graphs
260
_a
New York
_b
Marcel Dekker
_c
1978
942
_c
BK
999
_c
29892
_d
29892